00535nai a2200157Ia 4500003000900000008004100009022002200050022002300072040001600095245005200111260003600163310001100199362002700210521006900237856007100306IN-BaIIA211028c9999 xx s 000 0 eng d a1089-5639 (Print) a1520-5215 (Online) cIIA Library 4aThe Journal of Physical Chemistry Ah[eJournal] aWashington DCbACS Publications aWeekly a101(1); 1997 - Present bSubscribed through National Knowledge Resource Consortium (NKRC) uhttps://pubs.acs.org/journal/jpcafhyClick Here to Access eJournal